Výkonnosť akciového a dlhopisového portfólia a jeho zaistenie diplomová práca

Salvato in:
Dettagli Bibliografici
Autore principale: Hlava, Filip
Ente Autore: Fakulta hospodárskej informatiky EU. Katedra matematiky a aktuárstva
Altri autori: Pinda, Ľudovít, 1958-
Natura: Libro
Lingua:slovacco
Pubblicazione: Bratislava 2023
Tags: Aggiungi Tag
Nessun Tag, puoi essere il primo ad aggiungerne!!

MARC

LEADER 00000nbm a2200000 4500
001 0294048
005 20240229103532.8
041 0 |a slo 
044 |a SK 
245 1 0 |a Výkonnosť akciového a dlhopisového portfólia a jeho zaistenie  |b diplomová práca  |c Filip Hlava ; školiteľ: Ľudovít Pinda 
264 1 |a Bratislava  |c 2023 
300 |a 85 s. 
100 1 |a Hlava, Filip 
700 1 |a Pinda, Ľudovít, 1958- 
710 2 |a Fakulta hospodárskej informatiky EU. Katedra matematiky a aktuárstva